书目信息 |
| 题名: |
数学物理方法
|
|
| 作者: | 周明儒 编著 | |
| 分册: | ||
| 出版信息: | 北京 高等教育出版社 2008.01 |
|
| 页数: | 292页 | |
| 开本: | 23cm | |
| 丛书名: | ||
| 单 册: | ||
| 中图分类: | O411.1 | |
| 科图分类: | ||
| 主题词: | 数学物理方法--shu xue wu li fang fa--高等教育--教材 , 数学物理方法--shu xue wu li fang fa | |
| 电子资源: | ||
| ISBN: | 978-7-04-022618-8 | |
| 000 | 00808nam0 2200253 450 | |
| 001 | 0106081826 | |
| 005 | 20201106082045.0 | |
| 010 | @a978-7-04-022618-8@dCNY26.80 | |
| 100 | @a20080319e20192008em y0chiy50 ea | |
| 101 | 0 | @achi |
| 102 | @aCN@b110000 | |
| 105 | @ay z 000yy | |
| 106 | @ar | |
| 200 | 1 | @a数学物理方法@Ashu xue wu li fang fa@f周明儒编著 |
| 210 | @a北京@c高等教育出版社@d2008.01@h2019.11 | |
| 215 | @a292页@d23cm | |
| 300 | @a普通高等教育“十一五”国家级规划教材 | |
| 330 | @a本书内容包括:复变函数论、数学物理方程、选学内容三篇。 | |
| 606 | 0 | @a数学物理方法@Ashu xue wu li fang fa@x高等教育@j教材 |
| 606 | 0 | @a数学物理方法@Ashu xue wu li fang fa |
| 690 | @aO411.1@v5 | |
| 701 | 0 | @a周明儒@Azhou ming ru@4编著 |
| 801 | 0 | @aCN@bBJSZM@c20201106 |
| 905 | @b1192416-9@dO411.1@e102@f4 | |
| 数学物理方法/周明儒编著.-北京:高等教育出版社,2008.01(2019.11) |
| 292页;23cm |
| 普通高等教育“十一五”国家级规划教材 |
| ISBN 978-7-04-022618-8:CNY26.80 |
| 本书内容包括:复变函数论、数学物理方程、选学内容三篇。 |
| ● |
| 相关链接 |
|
|
|
|
正题名:数学物理方法
索取号:O411.1/102
 
预约/预借
| 序号 | 登录号 | 条形码 | 馆藏地/架位号 | 状态 | 备注 |
| 1 | 1192416 | 211924168 | 第二样本阅览室/ [索取号:O411.1/102] | 在馆 | |
| 2 | 1192417 | 211924177 | 第三借阅区/ [索取号:O411.1/102] | 在馆 | |
| 3 | 1192418 | 211924186 | 第三借阅区/ [索取号:O411.1/102] | 在馆 | |
| 4 | 1192419 | 211924195 | 第三借阅区/ [索取号:O411.1/102] | 在馆 |